书目信息 |
| 题名: |
世界当代史参考资料
|
|
| 作者: | 钱洪 , 王斯德 主编 ;王春良 编 | |
| 分册: | ||
| 出版信息: | 北京 高等教育出版社 1989.10 |
|
| 页数: | 553页 | |
| 开本: | 20厘米 | |
| 丛书名: | ||
| 单 册: | ||
| 中图分类: | K153-42 | |
| 科图分类: | ||
| 主题词: | 世界史:现代史 | |
| 电子资源: | ||
| ISBN: | 7-04-002492-6 | |
| 000 | 00714nam0 2200229 45 | |
| 001 | 0190008690 | |
| 005 | 20070601160318.00 | |
| 010 | @a7-04-002492-6@dCNY4.60 | |
| 100 | @a19921208d1989 em y0chiy0121 ea | |
| 101 | 0 | @achi |
| 102 | @aCN@b110000 | |
| 105 | @ay z 000yy | |
| 200 | 10 | @a世界当代史参考资料@ASHI JIE DANG DAI SHI CAN KAO ZI LIAO@e1945~1988@f王斯德,钱 洪主编@FWANG SI DE , QIAN HONG ZHU BIAN@g王春良等编 |
| 210 | @a北京@c高等教育出版社@d1989.10 | |
| 215 | @a553页@d20厘米 | |
| 606 | 0 | @a世界史:现代史 |
| 690 | @aK153-42 | |
| 701 | 0 | @a钱洪@AQIAN HONG@4主编 |
| 701 | 0 | @a王斯德@AWANG SI DE@4主编 |
| 702 | 0 | @a王春良@AWANG CHUN LIANG@4编 |
| 801 | 0 | @aCN@bNLC@c20070601 |
| 905 | @dK153-42@e85 | |
| 世界当代史参考资料:1945~1988/王斯德,钱 洪主编/王春良等编.-北京:高等教育出版社,1989.10 |
| 553页;20厘米 |
| ISBN 7-04-002492-6:CNY4.60 |
| ● |
| 相关链接 |
|
|
|
|
正题名:世界当代史参考资料
索取号:K153-42/85
 
预约/预借
| 序号 | 登录号 | 条形码 | 馆藏地/架位号 | 状态 | 备注 |
| 1 | 0226122 | 001220798 | 密集书库/ [索取号:K153-42/85] | 在馆 | |
| 2 | 0226123 | 001220734 | 密集书库/ [索取号:K153-42/85] | 在馆 | |
| 3 | 0226124 | 001220761 | 密集书库/ [索取号:K153-42/85] | 在馆 | |
| 4 | 0226125 | 001220743 | 密集书库/ [索取号:K153-42/85] | 在馆 | |
| 5 | 0226126 | 202111954 | 第二样本阅览室/ [索取号:K153-42/85] | 在馆 | |
| 6 | 0402090 | 204020905 | 密集书库/ [索取号:K153-42/85] | 在馆 | |
| 7 | 0402091 | 204020914 | 密集书库/ [索取号:K153-42/85] | 在馆 | |
| 8 | 0402092 | 204020923 | 密集书库/ [索取号:K153-42/85] | 在馆 | |
| 9 | 0402093 | 204020932 | 密集书库/ [索取号:K153-42/85] | 在馆 | |
| 10 | 0402094 | 204020941 | 密集书库/ [索取号:K153-42/85] | 在馆 |